| 000 | 01123cam a2200301 a 4500 | ||
|---|---|---|---|
| 001 | 000013579 | ||
| 005 | 20260129102427.0 | ||
| 008 | 970415s1996 ve ab b 000 0 spa | ||
| 020 | _a9806397215 (Fundacion Polar) | ||
| 020 | _a9800010092 (CENDES) | ||
| 035 | _a(DLC) 97139879 | ||
| 035 | _a(BoCbEI)ei 97M001504 | ||
| 040 |
_aDO-SdBNP _cDLC |
||
| 082 |
_a658.87 _bC968e |
||
| 245 | 0 | 0 |
_aCultura empresarial en Venezuela : _bla industria química y petroquímica / _cedición Arnoldo Pirela. |
| 260 |
_aCaracas : _bFundación Polar ; _bCentro de Estudios del Desarrollo ; _bUniversidad Central de Venezuela, _c1996. |
||
| 300 |
_a414 p. : _bil., maps ; _c26 cm. |
||
| 504 | _aIncluye bibliografía: (p. [397]-414). | ||
| 650 | 4 |
_aCultura corporativa _zVenezuela _930959 |
|
| 650 | 4 |
_aIndustrias químicas _zVenezuela _930960 |
|
| 650 | 4 |
_aGestión industrial _zVenezuela _930961 |
|
| 650 | 0 |
_aComportamiento organizacional _91583 |
|
| 650 | 4 |
_aPetroquímicos _930962 |
|
| 650 | 4 |
_aProductos del petróleo _927486 |
|
| 700 | 1 |
_aPirela, Arnoldo, _eed. _930963 |
|
| 910 | _aCatalogación por copia / LC | ||
| 049 | _aBNGR | ||
| 999 |
_c13199 _d13199 |
||